00877nam a2200193 a 4500008004100000050002400041100001800065245012300083260006000206300002600266490002600292490001900318500001700337650001800354650002700372995014500399999001700544952012200561121019s1995 ||||||||||||||||| || u aPAPERS/STAFF/SIZIYA aSiziya, Seter10aValvular heart disease in end-stage renal failure patients on maintenance Haemodialysiscby Seter Siziya; [and others] aLusaka:bUniversity of Zambia, School of Medicinec1995 ap. 222 - p. 226: ill. aSaudi Medical Journal vVol. 16, No. 3 aBibliography aHAEMODIALYSIS aVALVULAR HEART DISEASE aSPECIAL COLLECTIONSe294FCBU-SCHOOL OF MEDICINE LIBRARY (Ndola)jPAPERS/STAFF/SIZIYAM1UAVAILABLEWNov 26, 2012yB294ZZambiana Collection c32969d32969 00102lcc4070a002b002cZambiana Collectiond2022-11-30l0oPAPERS/STAFF/SIZIYApB294r2022-11-30w2022-11-30y002